New canterbary tales (Record no. 1209909)

MARC details
000 -LEADER
fixed length control field 00444nam a2200193Ia 4500
008 - FIXED-LENGTH DATA ELEMENTS--GENERAL INFORMATION
fixed length control field 151121s9999||||xx |||||||||||||| ||und||
082 ## - DEWEY DECIMAL CLASSIFICATION NUMBER
Classification number 823/Har
082 ## - DEWEY DECIMAL CLASSIFICATION NUMBER
Item number HNW-341
100 ## - MAIN ENTRY--PERSONAL NAME
Personal name Harrison F।
245 ## - TITLE STATEMENT
Title New canterbary tales
260 ## - PUBLICATION, DISTRIBUTION, ETC. (IMPRINT)
Name of publisher, distributor, etc Author
260 ## - PUBLICATION, DISTRIBUTION, ETC. (IMPRINT)
Date of publication, distribution, etc --
300 ## - PHYSICAL DESCRIPTION
Extent 317
600 ## - SUBJECT ADDED ENTRY--PERSONAL NAME
Personal name Harrison F।
630 ## - SUBJECT ADDED ENTRY--UNIFORM TITLE
Uniform title New canterbary tales
700 ## - ADDED ENTRY--PERSONAL NAME
Personal name Harrison F।
730 ## - ADDED ENTRY--UNIFORM TITLE
Uniform title New canterbary tales
942 ## - ADDED ENTRY ELEMENTS (KOHA)
Koha item type Book
Holdings
Withdrawn status Lost status Damaged status Not for loan Home library Current library Date acquired Cost, normal purchase price Total Checkouts Full call number Barcode Date last seen Cost, replacement price Price effective from Koha item type
        Hirachand Nemchand Wachanalaya, Solapur Hirachand Nemchand Wachanalaya, Solapur 11/21/2015 0.00   HNW-341 HNW-341 11/21/2015 0.00 11/21/2015 Book